| 000 | 00455nam a2200169 a 4500 | ||
|---|---|---|---|
| 005 | 20140310183440.0 | ||
| 008 | 080402s19uu xx 00 eng d | ||
| 020 | _a10184205189x | ||
| 050 |
_aPE 1625 _b.W391 2006 |
||
| 245 | _aWebster's universal dictionary and thesaurus / | ||
| 260 |
_aScotland : _bGeddes & Grosset, _c2006. |
||
| 300 |
_a960 p. : _c31 cm. |
||
| 650 | _aDictionaries. | ||
| 650 | _aThesaurus. | ||
| 942 |
_cBK _2lcc |
||
| 999 |
_c23049 _d23049 |
||